[Event "6th Ferdowsi International Chess Open Tournament"]
[Site "Mashhad"]
[Date "2016.01.29"]
[Round "1"]
[Board "1"]
[White "Guseinov, Gadir"]
[Black "Nejatpour, Soshiyant"]
[Result "1-0"]
[WhiteElo "2646"]
[BlackElo "1536"]
[PlyCount "0"]
[EventDate "2016.01.29"]
[EventRounds "9"]
[EventCountry "IRI"]

1. e4 {[%clk 1:30:58]} d5 {[%clk 1:30:42]} 2. exd5 {[%clk 1:31:22]} Nf6
{[%clk 1:30:55]} 3. Nf3 {[%clk 1:31:46]} Nxd5 {[%clk 1:31:08]} 4. c4
{[%clk 1:32:10]} Nb6 {[%clk 1:31:20]} 5. Nc3 {[%clk 1:32:32]} g6 {[%clk 1:30:12]}
6. c5 {[%clk 1:32:46]} Nd5 {[%clk 1:30:15]} 7. Bc4 {[%clk 1:32:39]} Nxc3
{[%clk 1:29:32]} 8. Qb3 {[%clk 1:32:54]} e6 {[%clk 1:28:37]} 9. Qxc3
{[%clk 1:33:17]} Rg8 {[%clk 1:28:01]} 10. d4 {[%clk 1:33:37]} Bg7
{[%clk 1:27:35]} 11. Bg5 {[%clk 1:33:46]} Bf6 {[%clk 1:25:53]} 12. Bxf6
{[%clk 1:33:30]} Qxf6 {[%clk 1:25:57]} 13. O-O-O {[%clk 1:33:38]} Bd7
{[%clk 1:23:44]} 14. Rhe1 {[%clk 1:33:19]} Qf4+ {[%clk 1:21:25]} 15. Kb1
{[%clk 1:33:37]} Qf5+ {[%clk 1:21:14]} 16. Ka1 {[%clk 1:33:58]} Bc6
{[%clk 1:21:03]} 17. d5 {[%clk 1:34:21]} Bd7 {[%clk 1:21:25]} 18. dxe6
{[%clk 1:34:40]} Bxe6 {[%clk 1:20:26]} 19. Nd4 {[%clk 1:35:02]} Qf6
{[%clk 1:18:25]} 20. Bxe6 {[%clk 1:35:20]} fxe6 {[%clk 1:18:33]} 21. Rxe6+
{[%clk 1:35:44]} Qxe6 {[%clk 1:18:57]} 22. Nxe6 {[%clk 1:36:10]} Na6
{[%clk 1:19:22]} 23. Qe5 {[%clk 1:36:31]} Kf7 {[%clk 1:19:41]} 24. Rd7+
{[%clk 1:36:54]} Ke8 {[%clk 1:20:04]} 25. Nf8+ {[%clk 1:37:18]} Kxf8
{[%clk 1:20:26]} 26. Qe7# 1-0

[Event "6th Ferdowsi International Chess Open Tournament"]
[Site "Mashhad"]
[Date "2016.01.29"]
[Round "1"]
[Board "2"]
[White "Zahmati, Sobhan"]
[Black "Tiviakov, Sergei"]
[Result "0-1"]
[WhiteElo "1535"]
[BlackElo "2611"]
[PlyCount "0"]
[EventDate "2016.01.29"]
[EventRounds "9"]
[EventCountry "IRI"]

1. e4 {[%clk 1:30:56]} d5 {[%clk 1:30:56]} 2. exd5 {[%clk 1:31:12]} Qxd5
{[%clk 1:31:19]} 3. Nc3 {[%clk 1:31:00]} Qd6 {[%clk 1:31:43]} 4. d4
{[%clk 1:31:07]} c6 {[%clk 1:32:07]} 5. Nf3 {[%clk 1:31:02]} Bg4 {[%clk 1:32:29]}
6. Be2 {[%clk 1:31:10]} Nf6 {[%clk 1:32:51]} 7. O-O {[%clk 1:31:17]} Nbd7
{[%clk 1:33:04]} 8. Be3 {[%clk 1:31:33]} e6 {[%clk 1:33:25]} 9. h3
{[%clk 1:31:54]} Bh5 {[%clk 1:33:45]} 10. Qd2 {[%clk 1:32:07]} Qc7
{[%clk 1:33:29]} 11. Rfe1 {[%clk 1:32:04]} Bd6 {[%clk 1:33:33]} 12. Rad1
{[%clk 1:31:53]} O-O {[%clk 1:33:53]} 13. Ng5 {[%clk 1:31:48]} Bg6
{[%clk 1:30:40]} 14. Bd3 {[%clk 1:30:17]} Rad8 {[%clk 1:27:05]} 15. Nge4
{[%clk 1:30:17]} Nxe4 {[%clk 1:23:19]} 16. Nxe4 {[%clk 1:30:13]} Be7
{[%clk 1:14:53]} 17. c3 {[%clk 1:29:16]} e5 {[%clk 1:14:04]} 18. Ng5
{[%clk 1:26:51]} Nf6 {[%clk 1:10:28]} 19. Qc2 {[%clk 1:26:21]} Bxd3
{[%clk 1:06:38]} 20. Qxd3 {[%clk 1:24:13]} h6 {[%clk 1:00:30]} 21. Ne4
{[%clk 1:24:29]} exd4 {[%clk 0:58:40]} 22. Nxf6+ {[%clk 1:23:41]} Bxf6
{[%clk 0:59:04]} 23. cxd4 {[%clk 1:23:59]} Rd5 {[%clk 0:59:15]} 24. Qe4
{[%clk 1:20:24]} Qd7 {[%clk 0:59:09]} 25. Rd3 {[%clk 1:20:16]} Re8
{[%clk 0:59:12]} 26. Qf3 {[%clk 1:19:52]} Bxd4 {[%clk 0:57:06]} 27. Red1
{[%clk 1:20:01]} Bxe3 {[%clk 0:55:33]} 28. Rxd5 {[%clk 1:20:16]} Bxf2+
{[%clk 0:55:32]} 29. Qxf2 {[%clk 1:19:43]} cxd5 {[%clk 0:55:57]} 30. Qxa7
{[%clk 1:20:07]} Re2 {[%clk 0:55:39]} 31. Qc5 {[%clk 1:19:38]} Qf5
{[%clk 0:53:02]} 32. Qxd5 {[%clk 1:17:17]} Re1+ {[%clk 0:53:25]} 33. Kh2
{[%clk 1:17:30]} Qf4+ {[%clk 0:53:49]} 34. g3 {[%clk 1:17:54]} Qf2+
{[%clk 0:54:13]} 35. Qg2 {[%clk 1:18:19]} Qxg2+ {[%clk 0:54:38]} 36. Kxg2
{[%clk 1:18:42]} Rxd1 {[%clk 0:55:04]} 37. Kf3 {[%clk 1:18:57]} Rd2
{[%clk 0:55:27]} 38. b4 {[%clk 1:19:23]} Rxa2 {[%clk 0:55:52]} 39. b5
{[%clk 1:19:51]} Rb2 {[%clk 0:56:17]} 40. g4 {[%clk 1:20:17]} Rxb5
{[%clk 0:56:42]} 41. h4 {[%clk 1:20:41]} Re5 {[%clk 0:57:06]} 42. Kf4
{[%clk 1:21:08]} f6 {[%clk 0:57:31]} 43. Kf3 {[%clk 1:21:35]} b5 {[%clk 0:57:58]}
44. Kf2 {[%clk 1:22:02]} b4 {[%clk 0:58:24]} 45. Kf1 {[%clk 1:22:27]} b3
{[%clk 0:58:50]} 46. Kf2 {[%clk 1:22:54]} b2 {[%clk 0:59:16]} 47. Kf3
{[%clk 1:23:22]} b1=Q {[%clk 0:59:40]} 48. Kf4 {[%clk 1:23:50]} Qd3
{[%clk 0:59:58]} 49. h5 {[%clk 1:24:15]} Qe3# {[%clk 1:00:25]} 0-1

[Event "6th Ferdowsi International Chess Open Tournament"]
[Site "Mashhad"]
[Date "2016.01.29"]
[Round "1"]
[Board "3"]
[White "Grigoryan, Karen H."]
[Black "Amirimehr, Ashkan"]
[Result "1-0"]
[WhiteElo "2602"]
[BlackElo "1528"]
[PlyCount "0"]
[EventDate "2016.01.29"]
[EventRounds "9"]
[EventCountry "IRI"]

1. b3 {[%clk 1:30:54]} d5 {[%clk 1:30:18]} 2. Bb2 {[%clk 1:31:17]} Nc6
{[%clk 1:29:48]} 3. Nf3 {[%clk 1:30:42]} Bf5 {[%clk 1:28:48]} 4. e3
{[%clk 1:30:55]} a6 {[%clk 1:28:42]} 5. Be2 {[%clk 1:30:19]} e6 {[%clk 1:28:05]}
6. O-O {[%clk 1:30:41]} Nf6 {[%clk 1:27:45]} 7. Nh4 {[%clk 1:29:59]} Bg6
{[%clk 1:27:11]} 8. d4 {[%clk 1:28:19]} Ne4 {[%clk 1:25:14]} 9. g3
{[%clk 1:27:46]} Be7 {[%clk 1:24:29]} 10. Nxg6 {[%clk 1:27:48]} hxg6
{[%clk 1:24:17]} 11. c4 {[%clk 1:27:50]} Bh4 {[%clk 1:19:24]} 12. Nd2
{[%clk 1:26:55]} Qg5 {[%clk 1:12:28]} 13. Nf3 {[%clk 1:26:23]} Qf6
{[%clk 1:11:31]} 14. gxh4 {[%clk 1:25:34]} g5 {[%clk 1:07:39]} 15. h3
{[%clk 1:23:46]} Qf5 {[%clk 1:06:41]} 16. Kh2 {[%clk 1:22:43]} g4
{[%clk 1:02:17]} 17. Ng1 {[%clk 1:21:29]} Qh7 {[%clk 0:49:19]} 18. Bxg4
{[%clk 1:17:21]} Qxh4 {[%clk 0:49:29]} 19. Bf3 {[%clk 1:15:08]} Ng5
{[%clk 0:37:28]} 20. Bg2 {[%clk 1:15:11]} Ne7 {[%clk 0:36:47]} 21. Nf3
{[%clk 1:15:18]} Nxf3+ {[%clk 0:35:25]} 22. Qxf3 {[%clk 1:15:37]} Nf5
{[%clk 0:35:27]} 23. cxd5 {[%clk 1:15:57]} exd5 {[%clk 0:35:39]} 24. Qxf5
{[%clk 1:16:20]} Qd8 1-0

[Event "6th Ferdowsi International Chess Open Tournament"]
[Site "Mashhad"]
[Date "2016.01.29"]
[Round "1"]
[Board "5"]
[White "Gabuzyan, Hovhannes"]
[Black "Dehnavi, Mehrsa"]
[Result "1-0"]
[WhiteElo "2585"]
[BlackElo "1519"]
[PlyCount "0"]
[EventDate "2016.01.29"]
[EventRounds "9"]
[EventCountry "IRI"]

1. b3 {[%clk 1:30:58]} e5 {[%clk 1:30:40]} 2. Bb2 {[%clk 1:31:23]} Nc6
{[%clk 1:30:52]} 3. e3 {[%clk 1:31:49]} Nf6 {[%clk 1:30:37]} 4. Bb5
{[%clk 1:32:13]} d6 {[%clk 1:29:30]} 5. d4 {[%clk 1:32:24]} exd4 {[%clk 1:28:39]}
6. exd4 {[%clk 1:32:49]} Bd7 {[%clk 1:28:04]} 7. Nf3 {[%clk 1:32:50]} d5
{[%clk 1:23:41]} 8. O-O {[%clk 1:33:12]} Be7 {[%clk 1:22:53]} 9. Nc3
{[%clk 1:32:43]} O-O {[%clk 1:22:31]} 10. Ne5 {[%clk 1:33:09]} Bd6
{[%clk 1:18:30]} 11. f4 {[%clk 1:33:10]} a6 {[%clk 1:17:25]} 12. Be2
{[%clk 1:33:30]} Ne7 {[%clk 1:14:13]} 13. Bf3 {[%clk 1:32:38]} c6
{[%clk 1:13:49]} 14. g4 {[%clk 1:32:27]} Bxe5 {[%clk 1:04:05]} 15. dxe5
{[%clk 1:32:38]} Ne8 {[%clk 1:04:23]} 16. f5 {[%clk 1:32:46]} Qb6+
{[%clk 1:01:50]} 17. Kh1 {[%clk 1:32:54]} Nc7 {[%clk 1:00:25]} 18. Qd2
{[%clk 1:33:19]} Rfe8 {[%clk 0:51:06]} 19. Na4 {[%clk 1:33:33]} Qa7
{[%clk 0:50:35]} 20. Bd4 {[%clk 1:34:01]} Qb8 {[%clk 0:50:48]} 21. Nb6
{[%clk 1:34:26]} Qd8 {[%clk 0:50:13]} 22. Nxa8 {[%clk 1:34:50]} Qxa8
{[%clk 0:50:15]} 23. e6 {[%clk 1:35:10]} fxe6 {[%clk 0:44:26]} 24. Qg5
{[%clk 1:35:27]} Ng6 {[%clk 0:44:24]} 25. fxg6 {[%clk 1:35:47]} hxg6
{[%clk 0:44:36]} 26. Qe5 {[%clk 1:36:11]} Re7 {[%clk 0:44:19]} 27. Qxc7
{[%clk 1:36:36]} 1-0

[Event "6th Ferdowsi International Chess Open Tournament"]
[Site "Mashhad"]
[Date "2016.01.29"]
[Round "1"]
[Board "6"]
[White "Ghanad, Aliakbar"]
[Black "Maletin, Pavel"]
[Result "0-1"]
[WhiteElo "1513"]
[BlackElo "2580"]
[PlyCount "0"]
[EventDate "2016.01.29"]
[EventRounds "9"]
[EventCountry "IRI"]

1. d4 {[%clk 1:30:57]} Nf6 {[%clk 1:30:53]} 2. c4 {[%clk 1:31:19]} g6
{[%clk 1:31:15]} 3. Nc3 {[%clk 1:31:39]} d5 {[%clk 1:31:38]} 4. e3
{[%clk 1:31:51]} Bg7 {[%clk 1:32:03]} 5. Bd3 {[%clk 1:32:13]} O-O
{[%clk 1:31:59]} 6. Nf3 {[%clk 1:32:27]} c5 {[%clk 1:31:52]} 7. O-O
{[%clk 1:31:58]} cxd4 {[%clk 1:32:10]} 8. exd4 {[%clk 1:32:11]} Nc6
{[%clk 1:32:17]} 9. c5 {[%clk 1:31:36]} Bg4 {[%clk 1:32:11]} 10. Be2
{[%clk 1:31:42]} Ne4 {[%clk 1:32:05]} 11. Be3 {[%clk 1:12:36]} b6
{[%clk 1:32:16]} 12. cxb6 {[%clk 1:08:17]} axb6 {[%clk 1:29:46]} 13. Rc1
{[%clk 1:04:23]} Nxc3 {[%clk 1:30:02]} 14. Rxc3 {[%clk 1:04:26]} Qd6
{[%clk 1:30:18]} 15. a3 {[%clk 1:03:49]} Rfc8 {[%clk 1:30:33]} 16. h3
{[%clk 1:01:53]} Bxf3 {[%clk 1:30:42]} 17. Bxf3 {[%clk 1:02:14]} Na5
{[%clk 1:31:07]} 18. Qc1 {[%clk 0:55:46]} Rxc3 {[%clk 1:31:06]} 19. Qxc3
{[%clk 0:56:06]} Nc4 {[%clk 1:31:10]} 20. Bc1 {[%clk 0:31:59]} e6
{[%clk 1:30:32]} 21. Re1 {[%clk 0:30:59]} b5 {[%clk 1:30:43]} 22. g3
{[%clk 0:29:40]} Qb6 {[%clk 1:30:22]} 23. Rd1 {[%clk 0:27:38]} Rc8
{[%clk 1:30:14]} 24. Qd3 {[%clk 0:22:18]} Nd6 {[%clk 1:30:28]} 25. g4
{[%clk 0:21:58]} Bxd4 {[%clk 1:30:32]} 26. Qe2 {[%clk 0:15:21]} b4
{[%clk 1:27:53]} 27. axb4 {[%clk 0:10:46]} Qxb4 {[%clk 1:28:06]} 28. Kg2
{[%clk 0:10:24]} Bg7 {[%clk 1:28:06]} 29. Qa6 {[%clk 0:09:22]} Be5
{[%clk 1:26:42]} 30. Qe2 {[%clk 0:07:14]} Nc4 {[%clk 1:26:34]} 31. Qc2
{[%clk 0:06:08]} Ne3+ {[%clk 1:26:49]} 0-1

[Event "6th Ferdowsi International Chess Open Tournament"]
[Site "Mashhad"]
[Date "2016.01.29"]
[Round "1"]
[Board "7"]
[White "Bocharov, Dmitry"]
[Black "Hayati, Amirhosein"]
[Result "1-0"]
[WhiteElo "2567"]
[BlackElo "1503"]
[PlyCount "0"]
[EventDate "2016.01.29"]
[EventRounds "9"]
[EventCountry "IRI"]

1. d4 {[%clk 1:30:49]} d5 {[%clk 1:30:49]} 2. c4 {[%clk 1:31:09]} e6
{[%clk 1:31:06]} 3. Nc3 {[%clk 1:31:28]} Nf6 {[%clk 1:30:49]} 4. Nf3
{[%clk 1:31:03]} c5 {[%clk 1:30:47]} 5. cxd5 {[%clk 1:30:48]} exd5
{[%clk 1:30:43]} 6. Bg5 {[%clk 1:30:16]} cxd4 {[%clk 1:26:47]} 7. Nxd4
{[%clk 1:30:35]} Be7 {[%clk 1:25:47]} 8. e3 {[%clk 1:30:14]} a6 {[%clk 1:23:50]}
9. Be2 {[%clk 1:30:28]} Nc6 {[%clk 1:22:33]} 10. O-O {[%clk 1:30:31]} Nxd4
{[%clk 1:20:01]} 11. Qxd4 {[%clk 1:30:49]} Be6 {[%clk 1:18:57]} 12. Rfd1
{[%clk 1:30:49]} O-O {[%clk 1:17:43]} 13. Bf3 {[%clk 1:30:53]} Rc8
{[%clk 1:10:58]} 14. Qd3 {[%clk 1:29:47]} Qb6 {[%clk 1:06:02]} 15. Rab1
{[%clk 1:29:16]} Rfd8 {[%clk 1:04:53]} 16. h3 {[%clk 1:29:22]} h6
{[%clk 1:02:01]} 17. Bxf6 {[%clk 1:28:47]} Bxf6 {[%clk 1:02:18]} 18. Nxd5
{[%clk 1:29:07]} Bxd5 {[%clk 1:01:03]} 19. Bxd5 {[%clk 1:29:23]} Rc5
{[%clk 0:57:33]} 20. e4 {[%clk 1:29:33]} Rdc8 {[%clk 0:56:18]} 21. Qf3
{[%clk 1:29:26]} R8c7 {[%clk 0:54:43]} 22. Bb3 {[%clk 1:28:20]} Bg5
{[%clk 0:50:01]} 23. g3 {[%clk 1:27:43]} Qf6 {[%clk 0:47:45]} 24. Qe2
{[%clk 1:26:16]} Rc1 {[%clk 0:42:44]} 25. Rbxc1 {[%clk 1:24:26]} Rxc1
{[%clk 0:42:50]} 26. h4 {[%clk 1:24:29]} Rxd1+ {[%clk 0:39:51]} 27. Qxd1
{[%clk 1:24:48]} Bxh4 {[%clk 0:40:09]} 28. gxh4 {[%clk 1:24:52]} Qg6+
{[%clk 0:37:31]} 29. Kf1 {[%clk 1:25:12]} Qxe4 {[%clk 0:37:50]} 30. Qd8+
{[%clk 1:25:18]} Kh7 {[%clk 0:38:08]} 31. Qd5 {[%clk 1:25:34]} Qxd5
{[%clk 0:36:57]} 32. Bxd5 {[%clk 1:25:54]} Kg6 {[%clk 0:37:21]} 33. Bxb7
{[%clk 1:26:13]} a5 {[%clk 0:37:42]} 34. a3 {[%clk 1:26:35]} Kf5 {[%clk 0:37:51]}
35. Ke2 {[%clk 1:26:56]} Ke5 {[%clk 0:38:12]} 36. Kd3 {[%clk 1:27:17]} f6
{[%clk 0:38:01]} 37. h5 {[%clk 1:27:37]} Ke4+ 38. Kxe4 1-0

[Event "6th Ferdowsi International Chess Open Tournament"]
[Site "Mashhad"]
[Date "2016.01.29"]
[Round "1"]
[Board "8"]
[White "Barati, Behnam"]
[Black "Zubarev, Alexander"]
[Result "0-1"]
[WhiteElo "1501"]
[BlackElo "2553"]
[PlyCount "0"]
[EventDate "2016.01.29"]
[EventRounds "9"]
[EventCountry "IRI"]

1. e4 {[%clk 1:30:56]} c5 {[%clk 1:30:45]} 2. Nf3 {[%clk 1:31:12]} d6
{[%clk 1:31:07]} 3. b3 {[%clk 1:31:12]} Nf6 {[%clk 1:31:09]} 4. d3
{[%clk 1:31:26]} g6 {[%clk 1:31:14]} 5. Bb2 {[%clk 1:31:31]} Bg7 {[%clk 1:31:40]}
6. Nbd2 {[%clk 1:31:35]} O-O {[%clk 1:32:02]} 7. Be2 {[%clk 1:31:29]} Nc6
{[%clk 1:32:14]} 8. O-O {[%clk 1:31:39]} e5 {[%clk 1:32:17]} 9. c3
{[%clk 1:28:17]} Nh5 {[%clk 1:31:23]} 10. g3 {[%clk 1:26:55]} f5 {[%clk 1:30:01]}
11. exf5 {[%clk 1:23:28]} Bxf5 {[%clk 1:30:21]} 12. Ne4 {[%clk 1:21:03]} Kh8
{[%clk 1:28:49]} 13. Nh4 {[%clk 1:19:53]} Nf4 {[%clk 1:27:46]} 14. Nxf5
{[%clk 1:19:30]} gxf5 {[%clk 1:26:51]} 15. Nd2 {[%clk 1:18:47]} Nxe2+
{[%clk 1:25:25]} 16. Qxe2 {[%clk 1:18:55]} f4 {[%clk 1:24:58]} 17. Nf3
{[%clk 1:16:34]} Qd7 {[%clk 1:24:27]} 18. Kh1 {[%clk 1:13:29]} Rae8
{[%clk 1:23:02]} 19. Rg1 {[%clk 1:10:21]} d5 {[%clk 1:21:05]} 20. Qd2
{[%clk 1:09:33]} Qg4 {[%clk 1:20:02]} 21. Nh4 {[%clk 1:07:22]} fxg3
{[%clk 1:17:06]} 22. fxg3 {[%clk 1:06:41]} e4 {[%clk 1:17:22]} 23. dxe4
{[%clk 1:06:07]} Qxe4+ {[%clk 1:17:07]} 24. Qg2 {[%clk 1:04:47]} Rf2
{[%clk 1:17:00]} 25. Qxe4 {[%clk 1:02:18]} Rxe4 {[%clk 1:12:48]} 26. Rab1
{[%clk 1:01:35]} Ree2 {[%clk 1:12:53]} 27. Rg2 {[%clk 1:01:52]} Rxg2
{[%clk 1:12:12]} 28. Nxg2 {[%clk 1:01:45]} Ne5 {[%clk 1:12:29]} 29. a4
{[%clk 0:49:00]} Nf3 {[%clk 1:07:28]} 30. Ba3 {[%clk 0:42:53]} b6
{[%clk 1:03:46]} 31. Rb2 {[%clk 0:36:02]} Re8 {[%clk 0:46:48]} 32. Rf2
{[%clk 0:31:03]} Ne1 {[%clk 0:46:10]} 33. Nf4 {[%clk 0:25:55]} d4
{[%clk 0:40:22]} 34. cxd4 {[%clk 0:25:35]} Bxd4 {[%clk 0:40:46]} 35. Re2
{[%clk 0:25:56]} Rxe2 {[%clk 0:40:19]} 36. Nxe2 {[%clk 0:25:13]} Be5
{[%clk 0:40:08]} 37. Bc1 {[%clk 0:23:15]} Kg7 {[%clk 0:37:01]} 38. Bf4
{[%clk 0:21:41]} Kf6 {[%clk 0:36:44]} 39. Kg1 {[%clk 0:20:30]} Bxf4
{[%clk 0:36:44]} 40. gxf4 {[%clk 0:19:47]} Nf3+ {[%clk 0:35:31]} 41. Kg2
{[%clk 0:18:52]} Nd2 {[%clk 0:35:44]} 42. Nc1 {[%clk 0:18:36]} Kf5
{[%clk 0:36:08]} 43. Kg3 {[%clk 0:17:44]} a6 {[%clk 0:34:37]} 44. h3
{[%clk 0:13:01]} a5 {[%clk 0:34:50]} 45. Kh4 {[%clk 0:12:16]} Kxf4
{[%clk 0:35:03]} 46. Kh5 {[%clk 0:12:42]} Ke3 {[%clk 0:35:05]} 47. Kg5
{[%clk 0:11:31]} Nf3+ {[%clk 0:34:54]} 48. Kf6 {[%clk 0:11:31]} Kd2
{[%clk 0:35:11]} 49. Na2 {[%clk 0:10:05]} Kc2 {[%clk 0:35:36]} 50. Ke6
{[%clk 0:09:47]} Kb2 {[%clk 0:36:00]} 0-1

[Event "6th Ferdowsi International Chess Open Tournament"]
[Site "Mashhad"]
[Date "2016.01.29"]
[Round "1"]
[Board "9"]
[White "Gagunashvili, Merab"]
[Black "Bakhtiari, Shayan"]
[Result "1-0"]
[WhiteElo "2541"]
[BlackElo "1541"]
[PlyCount "0"]
[EventDate "2016.01.29"]
[EventRounds "9"]
[EventCountry "IRI"]

1. e4 {[%clk 1:30:49]} e6 {[%clk 1:30:45]} 2. d4 {[%clk 1:30:51]} d5
{[%clk 1:30:19]} 3. Nd2 {[%clk 1:31:15]} dxe4 {[%clk 1:30:19]} 4. Nxe4
{[%clk 1:31:40]} Nd7 {[%clk 1:30:21]} 5. Bd3 {[%clk 1:32:04]} Ngf6
{[%clk 1:30:25]} 6. Qe2 {[%clk 1:32:27]} Be7 {[%clk 1:30:38]} 7. Nf3
{[%clk 1:31:15]} O-O {[%clk 1:30:49]} 8. Bg5 {[%clk 1:30:56]} c5 {[%clk 1:29:50]}
9. Nxf6+ {[%clk 1:29:40]} Nxf6 {[%clk 1:29:44]} 10. O-O-O {[%clk 1:29:43]} Qa5
{[%clk 1:27:46]} 11. Kb1 {[%clk 1:30:02]} cxd4 {[%clk 1:27:30]} 12. Ne5
{[%clk 1:25:54]} Qb4 {[%clk 1:19:38]} 13. Ka1 {[%clk 1:19:41]} Nd5
{[%clk 1:15:32]} 14. h4 {[%clk 1:16:50]} f6 {[%clk 1:11:30]} 15. Qh5
{[%clk 1:14:30]} f5 {[%clk 1:10:44]} 16. Rhe1 {[%clk 1:13:42]} Nf6
{[%clk 0:56:25]} 17. Qf3 {[%clk 1:14:06]} Nd5 {[%clk 0:54:50]} 18. Bc4
{[%clk 1:13:28]} Nc7 {[%clk 0:53:43]} 19. a3 {[%clk 1:12:29]} Qd6
{[%clk 0:47:24]} 20. Bxe7 {[%clk 1:12:40]} Qxe7 {[%clk 0:47:32]} 21. Rxd4
{[%clk 1:13:05]} Qc5 {[%clk 0:42:46]} 22. Qf4 {[%clk 1:13:12]} b5
{[%clk 0:41:07]} 23. Bb3 {[%clk 1:13:32]} a5 {[%clk 0:39:34]} 24. Nd7
{[%clk 1:13:50]} Bxd7 {[%clk 0:38:06]} 25. Rxd7 {[%clk 1:14:08]} Rf7
{[%clk 0:36:11]} 26. Rxe6 {[%clk 1:13:01]} Nxe6 {[%clk 0:31:00]} 27. Bxe6
{[%clk 1:13:22]} Raf8 {[%clk 0:31:21]} 28. Rxf7 {[%clk 1:13:33]} Rxf7
{[%clk 0:31:31]} 29. Qb8+ {[%clk 1:13:57]} Qf8 {[%clk 0:31:16]} 30. Qxb5
{[%clk 1:14:21]} Qd8 {[%clk 0:30:55]} 31. Qd5 {[%clk 1:14:31]} 1-0

[Event "6th Ferdowsi International Chess Open Tournament"]
[Site "Mashhad"]
[Date "2016.01.29"]
[Round "1"]
[Board "10"]
[White "Parsaee, Amir Reza"]
[Black "Mirzoev, Azer"]
[Result "0-1"]
[WhiteElo "1489"]
[BlackElo "2539"]
[PlyCount "0"]
[EventDate "2016.01.29"]
[EventRounds "9"]
[EventCountry "IRI"]

1. e4 {[%clk 1:30:57]} Nf6 {[%clk 1:30:48]} 2. e5 {[%clk 1:31:13]} Nd5
{[%clk 1:31:13]} 3. c4 {[%clk 1:31:21]} Nb6 {[%clk 1:31:38]} 4. d4
{[%clk 1:31:33]} d6 {[%clk 1:32:02]} 5. exd6 {[%clk 1:31:37]} cxd6
{[%clk 1:32:16]} 6. Nc3 {[%clk 1:31:24]} g6 {[%clk 1:32:28]} 7. Nf3
{[%clk 1:31:04]} Bg7 {[%clk 1:32:52]} 8. Be2 {[%clk 1:30:05]} Bg4
{[%clk 1:32:49]} 9. h3 {[%clk 1:29:58]} Bxf3 {[%clk 1:33:08]} 10. Bxf3
{[%clk 1:29:40]} Nc6 {[%clk 1:33:30]} 11. Be3 {[%clk 1:29:28]} Nxc4
{[%clk 1:30:22]} 12. Bxc6+ {[%clk 1:29:29]} bxc6 {[%clk 1:30:44]} 13. Qa4
{[%clk 1:27:39]} Nb6 {[%clk 1:31:03]} 14. Qxc6+ {[%clk 1:26:37]} Qd7
{[%clk 1:31:25]} 15. Qxd7+ {[%clk 1:23:53]} Kxd7 {[%clk 1:31:48]} 16. O-O
{[%clk 1:22:16]} Rhc8 {[%clk 1:32:01]} 17. Rac1 {[%clk 1:21:35]} Rc7
{[%clk 1:31:18]} 18. Nb5 {[%clk 1:19:42]} Rb7 {[%clk 1:29:45]} 19. Nc3
{[%clk 1:19:15]} Rc8 {[%clk 1:29:57]} 20. b3 {[%clk 1:18:27]} Rbc7
{[%clk 1:30:06]} 21. Ne2 {[%clk 1:18:27]} Rc2 {[%clk 1:30:13]} 22. Rxc2
{[%clk 1:17:12]} Rxc2 {[%clk 1:30:34]} 23. Nc1 {[%clk 1:17:35]} Nd5
{[%clk 1:30:41]} 24. a3 {[%clk 1:15:58]} f5 {[%clk 1:28:05]} 25. g3
{[%clk 1:15:45]} Nxe3 {[%clk 1:28:21]} 26. fxe3 {[%clk 1:15:26]} Bh6
{[%clk 1:28:45]} 27. Nd3 {[%clk 1:10:06]} Bxe3+ {[%clk 1:29:00]} 28. Kh1
{[%clk 1:08:59]} Bxd4 {[%clk 1:29:19]} 29. Nb4 {[%clk 1:06:47]} Rc3
{[%clk 1:29:25]} 30. Rd1 {[%clk 1:06:05]} e5 {[%clk 1:29:40]} 31. Nd5
{[%clk 1:05:54]} Rxg3 {[%clk 1:29:50]} 32. Kh2 {[%clk 1:04:59]} Rxb3
{[%clk 1:30:12]} 33. Nf6+ {[%clk 1:04:43]} Ke6 {[%clk 1:30:21]} 34. Nxh7
{[%clk 1:04:47]} f4 {[%clk 1:30:34]} 35. Ng5+ {[%clk 1:04:25]} Kf5
{[%clk 1:30:58]} 36. Nf7 {[%clk 1:04:20]} Rb2+ {[%clk 1:30:48]} 37. Kh1
{[%clk 1:04:26]} d5 {[%clk 1:31:03]} 38. Nd6+ {[%clk 1:04:29]} Ke6
{[%clk 1:31:22]} 39. Ne8 {[%clk 1:04:15]} Rb8 {[%clk 1:30:53]} 40. Nc7+
{[%clk 1:04:18]} Kd6 {[%clk 1:31:16]} 41. Na6 {[%clk 1:03:56]} Rb3
{[%clk 1:30:52]} 42. Kh2 {[%clk 1:01:09]} Rxa3 {[%clk 1:31:02]} 43. Nb4
{[%clk 1:00:34]} a5 {[%clk 1:31:23]} 44. Na6 {[%clk 0:59:26]} Ra2+
{[%clk 1:31:28]} 45. Kh1 {[%clk 0:59:19]} Ra1 {[%clk 1:30:49]} 46. Rxa1
{[%clk 0:59:19]} Bxa1 {[%clk 1:31:11]} 47. Kg2 {[%clk 0:59:26]} e4
{[%clk 1:31:30]} 48. Kf2 {[%clk 0:59:26]} d4 {[%clk 1:31:49]} 49. Ke2
{[%clk 0:59:38]} d3+ {[%clk 1:32:08]} 50. Kd2 {[%clk 0:59:57]} f3
{[%clk 1:32:26]} 51. Ke3 {[%clk 0:59:12]} Bd4+ {[%clk 1:32:43]} 52. Kxd4
{[%clk 0:59:12]} d2 {[%clk 1:33:04]} 53. Kxe4 {[%clk 0:59:31]} d1=Q
{[%clk 1:33:21]} 54. Kf4 {[%clk 0:59:24]} f2 {[%clk 1:33:34]} 55. Kg5
{[%clk 0:59:39]} Qh5+ {[%clk 1:33:33]} 56. Kf6 {[%clk 0:59:53]} f1=R+
{[%clk 1:33:49]} 57. Kg7 {[%clk 0:59:29]} g5 {[%clk 1:33:55]} 58. Kg8
{[%clk 0:59:37]} Qg6+ {[%clk 1:34:12]} 59. Kh8 {[%clk 0:59:57]} Rf8#
{[%clk 1:34:21]} 0-1

[Event "6th Ferdowsi International Chess Open Tournament"]
[Site "Mashhad"]
[Date "2016.01.29"]
[Round "1"]
[Board "11"]
[White "Chigaev, Maksim"]
[Black "Dehghani, Ali"]
[Result "1-0"]
[WhiteElo "2526"]
[BlackElo "1484"]
[PlyCount "0"]
[EventDate "2016.01.29"]
[EventRounds "9"]
[EventCountry "IRI"]

1. e4 {[%clk 1:30:54]} e5 2. Nf3 Nc6 3. Bb5 a6 4. Ba4 Nf6 5. d3 Be7 6. Bxc6 bxc6
7. Nxe5 O-O 8. O-O Re8 9. Nf3 d6 10. h3 Be6 11. Nbd2 Qd7 12. Ng5 h6 13. Nxe6 Qxe6
14. Nf3 c5 15. b3 Nd7 16. Bb2 Bf6 17. Bxf6 Qxf6 18. Qd2 Rab8 19. Qa5 Rb6 20. Rad1
Nb8 21. Rfe1 Qe6 22. Qd2 Nc6 23. c3 Qg6 24. Nh4 Qf6 25. Nf5 Ne7 26. Ne3 Ng6 27.
Nd5 Qh4 28. Nxb6 cxb6 29. Re3 Re6 30. Rg3 Qe7 31. f4 Nf8 32. f5 Re5 33. Qxh6 f6
34. Qf4 Nh7 35. Rg4 Ng5 36. h4 Nh7 37. d4 cxd4 38. cxd4 Ra5 39. a4 b5 40. Qd2 Qd8
41. axb5 Rxb5 42. Qc2 Qb6 43. Qc8+ Kf7 44. Qd7+ Kf8 45. Qxg7+ Ke8 46. Qxh7 Qxd4+
47. Rxd4 Kf8 {[%clk 0:33:13]} 48. Rg8# 1-0